[Event "POR-chT"]
[Site "Torres Vedras"]
[Date "2011.07.24"]
[Round "2.2"]
[White "Silverio, Luis"]
[Black "Vassallo Barroche, Mauricio"]
[Result "1-0"]
[WhiteElo "2114"]
[BlackElo "2416"]
[PlyCount "101"]
[EventDate "2011.07.23"]
[EventType "team-swiss"]
[EventRounds "9"]
[EventCountry "POR"]
[SourceTitle "CBM 143 Extra"]
[Source "ChessBase"]
[SourceDate "2011.08.29"]
[SourceVersion "1"]
[SourceVersionDate "2011.08.29"]
[SourceQuality "1"]
[WhiteTeam "Faro"]
[BlackTeam "Vale de Cambra"]
[WhiteTeamCountry "POR"]
[BlackTeamCountry "POR"]

1. e4 d6 2. f4 g6 3. Nf3 Bg7 4. d4 c5 5. c3 cxd4 6. cxd4 Bg4 7. Bc4 Bxf3 8. Qxf3 Nc6 9. d5 Nd4 10. Qd3 Qb6 11. Nc3 Rc8 12. Kd1 Qb4 13. b3 b5 14. Nxb5 Rxc4 15. Nxd6+ exd6 16. Qxc4 Qxc4 17. bxc4 Nf6 18. Re1 Nd7 19. Ba3 Nb6 20. Rc1 Kd7 21. Kd2 Na4 22. Rb1 Kc7 23. e5 Bf8 24. exd6+ Bxd6 25. Bxd6+ Kxd6 26. Rb7 Nc5 27. Rxf7 Rb8 28. Rf6+ Kd7 29. Kc3 Nf5 30. Rf7+ Kd6 31. Rxa7 h5 32. g3 Nh6 33. Ree7 Nf5 34. Re5 Rb1 35. Re8 Nb7 36. Re6+ Kc7 37. Rxg6 Nfd6 38. Kc2 Rb4 39. c5 Kb8 40. Rxb7+ Nxb7 41. c6 Na5 42. Rh6 Kc7 43. Rxh5 Kd6 44. Kc3 Rc4+ 45. Kd3 Ra4 46. Rh7 Ra3+ 47. Ke4 Ra4+ 48. Kf3 Kxd5 49. c7 Ra3+ 50. Kg4 Rc3 51. Rh5+ 1-0

[Event "POR-ch Apuramento"]
[Site "Portugal"]
[Date "2003.??.??"]
[Round "7"]
[White "Cardoso, Pedro Madureira"]
[Black "Silverio, Luis"]
[Result "1-0"]
[WhiteElo "2110"]
[BlackElo "2140"]
[PlyCount "77"]
[EventDate "2003.??.??"]
[EventType "swiss"]
[EventRounds "9"]
[EventCountry "POR"]
[SourceTitle "EXT 2007"]
[Source "ChessBase"]
[SourceDate "2006.11.23"]
[SourceVersion "1"]
[SourceVersionDate "2006.11.23"]
[SourceQuality "1"]

1. e4 e6 2. d4 d5 3. Nd2 Nf6 4. e5 Nfd7 5. Bd3 c5 6. c3 Nc6 7. Ndf3 Qb6 8. Ne2 cxd4 9. cxd4 f6 10. exf6 Nxf6 11. 0-0 Bd6 12. Qb3 Qxb3 13. axb3 0-0 14. Bd2 Bd7 15. Bc3 a6 16. Ne5 Bxe5 17. dxe5 Ng4 18. f4 Rf7 19. h3 Nh6 20. g4 Raf8 21. Bd2 Kh8 22. b4 Na7 23. Nd4 Re8 24. Be3 Nc6 25. Nxc6 Bxc6 26. Bd4 Ref8 27. Bc5 Re8 28. Rae1 g6 29. Kh2 Kg7 30. Kg3 Ng8 31. Bd4 Ne7 32. Bc5 Nc8 33. f5 gxf5 34. gxf5 exf5 35. e6 Rc7 36. Rxf5 Kg8 37. Bd4 h6 38. Kh2 Ree7 39. Ref1 1-0

[Event "POR-ch Apuramento"]
[Site "Portugal"]
[Date "2003.??.??"]
[Round "4"]
[White "Carneiro, Carlos Alberto Carv"]
[Black "Silverio, Luis"]
[Result "1-0"]
[WhiteElo "2235"]
[BlackElo "2140"]
[PlyCount "89"]
[EventDate "2003.??.??"]
[EventType "swiss"]
[EventRounds "9"]
[EventCountry "POR"]
[SourceTitle "EXT 2007"]
[Source "ChessBase"]
[SourceDate "2006.11.23"]
[SourceVersion "1"]
[SourceVersionDate "2006.11.23"]
[SourceQuality "1"]

1. d4 f5 2. c4 Nf6 3. Nc3 g6 4. Nf3 Bg7 5. Bf4 c6 6. e3 d6 7. Bd3 Be6 8. 0-0 Nbd7 9. d5 Bf7 10. Rc1 0-0 11. Ng5 Nh5 12. Nxf7 Rxf7 13. Be2 Nxf4 14. exf4 Nc5 15. Bf3 Qc7 16. b4 Nd7 17. dxc6 bxc6 18. b5 Nf6 19. Bxc6 Rc8 20. Nd5 Qd8 21. Nxf6+ Rxf6 22. Re1 Qc7 23. Qd5+ Kh8 24. Re6 Rxe6 25. Qxe6 Rd8 26. a4 Bf6 27. g3 Qa5 28. h4 Qxa4 29. Bd5 Rf8 30. h5 Kg7 31. Kg2 Qa5 32. Rh1 Qd2 33. h6+ Kh8 34. Rb1 Qa5 35. Rb3 Qc7 36. Ra3 Bd4 37. Ra6 Bb6 38. Ra2 Bd4 39. Rd2 Bf6 40. Rd3 Rd8 41. Qf7 Qb8 42. Ra3 Rf8 43. Qe6 Qc7 44. Qe3 Qb6 45. Rxa7 1-0

[Event "POR-ch Apuramento"]
[Site "Portugal"]
[Date "2003.??.??"]
[Round "2"]
[White "Silverio, Luis"]
[Black "Castro, Elio Campos"]
[Result "1-0"]
[WhiteElo "2140"]
[BlackElo "1860"]
[PlyCount "39"]
[EventDate "2003.??.??"]
[EventType "swiss"]
[EventRounds "9"]
[EventCountry "POR"]
[SourceTitle "EXT 2007"]
[Source "ChessBase"]
[SourceDate "2006.11.23"]
[SourceVersion "1"]
[SourceVersionDate "2006.11.23"]
[SourceQuality "1"]

1. e4 e6 2. d4 d5 3. Nd2 Nf6 4. e5 Nfd7 5. Bd3 c5 6. c3 Nc6 7. Ne2 cxd4 8. cxd4 f6 9. Nf4 Nxd4 10. Qh5+ Ke7 11. Ng6+ hxg6 12. exf6+ Nxf6 13. Qxh8 Kf7 14. 0-0 Nh5 15. Nb3 Nf3+ 16. gxf3 Qf6 17. Qh7 Bd6 18. Nd4 Be5 19. Ne2 b6 20. h4 1-0

[Event "POR-ch Apuramento"]
[Site "Portugal"]
[Date "2003.??.??"]
[Round "8"]
[White "Silverio, Luis"]
[Black "Costa, Joao Guerra"]
[Result "1/2-1/2"]
[WhiteElo "2140"]
[BlackElo "2105"]
[PlyCount "38"]
[EventDate "2003.??.??"]
[EventType "swiss"]
[EventRounds "9"]
[EventCountry "POR"]
[SourceTitle "EXT 2007"]
[Source "ChessBase"]
[SourceDate "2006.11.23"]
[SourceVersion "1"]
[SourceVersionDate "2006.11.23"]
[SourceQuality "1"]

1. e4 c5 2. Nc3 e6 3. g3 Nc6 4. Bg2 g6 5. f4 d6 6. Nf3 Bg7 7. d3 Nge7 8. Qd2 Qd7 9. Nd1 b6 10. c3 Bb7 11. Rb1 Rd8 12. 0-0 0-0 13. h3 Qc8 14. Nf2 Rde8 15. Nh1 Qa8 16. g4 f5 17. Ng3 Nd8 18. Qe2 d5 19. e5 Nf7 1/2-1/2

[Event "POR-ch U18"]
[Site "Aveiro"]
[Date "2003.??.??"]
[Round "5"]
[White "Silverio, Luis"]
[Black "Vasquez, Maria Carvalho"]
[Result "1-0"]
[WhiteElo "2140"]
[BlackElo "1705"]
[PlyCount "41"]
[EventDate "2003.??.??"]
[EventType "swiss"]
[EventRounds "7"]
[EventCountry "POR"]
[SourceTitle "EXT 2007"]
[Source "ChessBase"]
[SourceDate "2006.11.23"]
[SourceVersion "1"]
[SourceVersionDate "2006.11.23"]
[SourceQuality "1"]

1. e4 d6 2. d4 Nf6 3. Bd3 c6 4. f4 g6 5. c3 Bg7 6. Nf3 0-0 7. 0-0 Qc7 8. h3 Nbd7 9. e5 Nd5 10. Ng5 N7b6 11. Qe1 Qd8 12. Nd2 h6 13. Ngf3 Nxf4 14. Bc2 dxe5 15. Nxe5 Nfd5 16. Ndf3 Nd7 17. Ng4 h5 18. Nh6+ Bxh6 19. Bxh6 Re8 20. Bxg6 N7f6 21. Qg3 1-0

[Event "POR-ch Apuramento"]
[Site "Portugal"]
[Date "2003.??.??"]
[Round "6"]
[White "Ulyanovskyy, Viktor"]
[Black "Silverio, Luis"]
[Result "0-1"]
[WhiteElo "2255"]
[BlackElo "2140"]
[PlyCount "60"]
[EventDate "2003.??.??"]
[EventType "swiss"]
[EventRounds "9"]
[EventCountry "POR"]
[SourceTitle "EXT 2007"]
[Source "ChessBase"]
[SourceDate "2006.11.23"]
[SourceVersion "1"]
[SourceVersionDate "2006.11.23"]
[SourceQuality "1"]

1. e4 e6 2. d4 d5 3. Bd3 Nf6 4. e5 Nfd7 5. Ne2 c5 6. c3 Nc6 7. a3 Qb6 8. Bc2 Be7 9. 0-0 Nf8 10. dxc5 Qc7 11. f4 Bxc5+ 12. Kh1 Ng6 13. Nd2 Bd7 14. Nb3 Bb6 15. Qd3 0-0-0 16. a4 a6 17. Be3 Kb8 18. Rfc1 f6 19. exf6 gxf6 20. Nbd4 e5 21. Nxc6+ Bxc6 22. b4 d4 23. cxd4 Nh4 24. b5 Bxg2+ 25. Kg1 Qg7 26. Kf2 Qg4 27. bxa6 Qf3+ 28. Ke1 Qf1+ 29. Kd2 Ba5+ 30. Nc3 Nf3# 0-1

[Event "POR-ch57"]
[Site "Lisbon"]
[Date "2001.09.08"]
[Round "8.17"]
[White "Silverio, Luis"]
[Black "Lopes, Carlos Correia"]
[Result "0-1"]
[WhiteElo "2000"]
[BlackElo "2000"]
[PlyCount "106"]
[EventDate "2001.09.05"]
[EventType "swiss"]
[EventRounds "9"]
[EventCountry "POR"]
[SourceTitle "EXT 2002"]
[Source "ChessBase"]
[SourceDate "2001.11.25"]
[SourceVersion "1"]
[SourceVersionDate "2001.11.25"]
[SourceQuality "1"]

1. e4 c5 2. f4 e6 3. e5 d6 4. exd6 Bxd6 5. d3 Qc7 6. Qg4 f5 7. Qh5+ Kf8 8. g3 Nc6 9. Bg2 Nd4 10. Qd1 Bd7 11. Ne2 Bc6 12. Nxd4 cxd4 13. Bxc6 Qxc6 14. 0-0 Rc8 15. Rf2 Nf6 16. c4 Ng4 17. Re2 Qf3 18. Na3 a6 19. Nc2 h5 20. Ne1 Qc6 21. Rxe6 h4 22. Qf3 hxg3 23. hxg3 Kf7 24. Re2 Rh3 25. Qxc6 bxc6 26. Kg2 Rh2+ 27. Kf3 Rch8 28. Rxh2 Rxh2 29. Ng2 Rh1 30. Ke2 Rg1 31. Nh4 g6 32. Kf3 Bb4 33. b3 Bc3 34. Bb2 Rxa1 35. Bxa1 Bxa1 36. Ke2 Bc3 37. Nf3 c5 38. Ng5+ Ke7 39. Nf3 Ba5 40. Nh4 Kf7 41. Nf3 Bd8 42. Kf1 Bf6 43. Ke2 Ke6 44. Ne1 Ne3 45. Nf3 Nc2 46. Kd2 Ne3 47. Ke2 a5 48. a4 Nc2 49. Kd1 Nb4 50. Kd2 Kf7 51. Ke2 Kg7 52. Ne1 Kh6 53. Nf3 Kh5 0-1

[Event "POR-ch57"]
[Site "Lisbon"]
[Date "2001.09.02"]
[Round "2.22"]
[White "Araujo, Mario Silva"]
[Black "Silverio, Luis"]
[Result "1-0"]
[WhiteElo "2000"]
[BlackElo "2000"]
[PlyCount "106"]
[EventDate "2001.09.05"]
[EventType "swiss"]
[EventRounds "9"]
[EventCountry "POR"]
[SourceTitle "EXT 2002"]
[Source "ChessBase"]
[SourceDate "2001.11.25"]
[SourceVersion "1"]
[SourceVersionDate "2001.11.25"]
[SourceQuality "1"]

1. Nf3 c5 2. g3 Nc6 3. Bg2 Nf6 4. 0-0 g6 5. b3 Bg7 6. Bb2 0-0 7. c4 e6 8. Qc1 Qe7 9. e3 Nb4 10. Ne1 Rb8 11. d4 cxd4 12. Bxd4 a6 13. Qb2 Nc6 14. Bc3 d6 15. Nd2 e5 16. Nc2 Nd7 17. Rad1 f5 18. Nb4 Nxb4 19. Bxb4 e4 20. Qa3 Nc5 21. Nb1 b6 22. Rd2 a5 23. Bc3 Be5 24. Rfd1 Bb7 25. Bf1 Rfd8 26. Qb2 Rd7 27. Bxe5 dxe5 28. Rxd7 Nxd7 29. Qd2 Rd8 30. Nc3 Kf7 31. Na4 Ke8 32. Qd6 Qxd6 33. Rxd6 Ke7 34. Rd2 Bc6 35. Nc3 Nc5 36. Rxd8 Kxd8 37. Be2 Ke7 38. Bd1 Kd6 39. Kf1 Ke6 40. Ke2 g5 41. Bc2 h6 42. a3 Na6 43. Na2 b5 44. cxb5 Bxb5+ 45. Kd2 Nc5 46. Nc1 Kd5 47. Kc3 a4 48. b4 Nd7 49. Kd2 Kc4 50. Na2 Nb6 51. Nc3 Bd7 52. Bd1 Bc6 53. Kc2 Nd5 1-0

[Event "POR-ch U16"]
[Site "Armacao de Pera"]
[Date "2001.04.09"]
[Round "3.8"]
[White "Silverio, Luis"]
[Black "Castro, Francisco Manuel Fe"]
[Result "1-0"]
[WhiteElo "1373"]
[BlackElo "1603"]
[PlyCount "61"]
[EventDate "2001.04.07"]
[EventType "swiss"]
[EventRounds "7"]
[EventCountry "POR"]
[SourceTitle "EXT 2002"]
[Source "ChessBase"]
[SourceDate "2001.11.25"]
[SourceVersion "1"]
[SourceVersionDate "2001.11.25"]
[SourceQuality "1"]

1. e4 e6 2. d4 d5 3. Nd2 c5 4. c3 Nc6 5. Bb5 cxd4 6. cxd4 dxe4 7. Bxc6+ bxc6 8. Nxe4 Bb4+ 9. Nc3 Ne7 10. Nge2 0-0 11. 0-0 Ba6 12. Re1 Nf5 13. Be3 Qa5 14. Qc2 Rfd8 15. a3 Be7 16. b4 Nxe3 17. fxe3 Qg5 18. Ng3 Bb5 19. Nce4 Qg6 20. a4 Bxb4 21. Reb1 Bd6 22. axb5 Bxg3 23. hxg3 cxb5 24. Rxb5 f5 25. Nf2 Qxg3 26. Qb3 Kf7 27. Rxf5+ Ke7 28. Qb7+ Rd7 29. Rf7+ Kxf7 30. Qxd7+ Kf6 31. Ne4+ 1-0